| 000 | 01040cab a2200289 4500 | ||
|---|---|---|---|
| 001 | ABS56309 | ||
| 008 | 090401t1996 xxu||||| |||| 00| 0 eng d | ||
| 035 | _a(Sirsi) u22750 | ||
| 041 | _aeng | ||
| 100 | _aGlass, P.R. | ||
| 245 | _aLimehouse Link cut and cover tunnel : design and construction through Limehouse Basin | ||
| 260 | _c1996 | ||
| 350 | _a0 | ||
| 490 |
_aProceedings of the Institution of Civil Engineers _v(Wat. Marit. & Energy) 118(4) December 1996, 211-2 |
||
| 520 | _aDescribes how the Limehouse Link has been constructed. This is a 1.8km road tunnel between the City and Docklands, part of a programme of new highways construction by the London Docklands Development Corporation. | ||
| 650 | _aLDDC | ||
| 650 | _aLIMEHOUSE BASIN | ||
| 650 | _aLIMEHOUSE LINK | ||
| 650 | _aLONDON DOCKLANDS DEVELOPMENT CORPORATION | ||
| 650 | _aQUAY WALLS | ||
| 650 | _aROAD TUNNELS | ||
| 650 | _aTUNNELS | ||
| 690 | _aBUILDING AND CONSTRUCTION-PROJECTS | ||
| 700 | _aBell, G.C. | ||
| 942 | _n0 | ||
| 948 | _c04/03/1997 | ||
| 999 |
_c15251 _d15251 |
||